The Walking Dead Episode Titles - Statistics

General Stats
  • This quiz has been taken 16 times
  • The average score is 52 of 177
Answer Stats
Hint Answer % Correct
4x16 A
92%
1x1 Days Gone Bye
69%
3x4 Killer Within
69%
7x1 The Day Will Come When You Won't Be
69%
1x6 TS-19
69%
1x4 Vatos
69%
2x13 Beside the Dying Fire
62%
1x2 Guts
62%
5x1 No Sanctuary
62%
2x7 Pretty Much Dead Already
62%
3x1 Seed
62%
3x2 Sick
62%
1x3 Tell It to the Frogs
62%
4x8 Too Far Gone
62%
1x5 Wildfire
62%
2x10 18 Miles Out
54%
4x1 30 Days Without an Accident
54%
2x12 Better Angels
54%
2x4 Cherokee Rose
54%
2x5 Chupacabra
54%
5x8 Coda
54%
2x11 Judge, Jury, Executioner
54%
6x5 Now
54%
6x9 No Way Out
54%
3x15 This Sorrowful Life
54%
3x16 Welcome to the Tombs
54%
3x13 Arrow on the Doorpost
46%
2x2 Bloodletting
46%
3x12 Clear
46%
5x16 Conquer
46%
5x3 Four Walls and a Roof
46%
10x22 Here's Negan
46%
3x10 Home
46%
6x2 JSS
46%
6x16 Last Day on Earth
46%
2x8 Nebraska
46%
5x12 Remember
46%
11x24 Rest in Peace
46%
2x6 Secrets
46%
5x14 Spend
46%
6x3 Thank You
46%
2x9 Triggerfinger
46%
5x15 Try
46%
3x3 Walk with Me
46%
2x1 What Lies Ahead
46%
8x16 Wrath
46%
4x11 Claimed
38%
5x13 Forget
38%
3x11 I Ain't a Judas
38%
4x2 Infected
38%
2x3 Save the Last One
38%
7x6 Swear
38%
9x15 The Calm Before
38%
4x14 The Grove
38%
9x16 The Storm
38%
4x15 Us
38%
10x12 Walk With Us
38%
9x5 What Comes After
38%
11x1 Acheron: Part I
31%
11x2 Acheron: Part II
31%
4x9 After
31%
9x1 A New Beginning
31%
6x1 First Time Again
31%
6x4 Here's Not Here
31%
10x17 Home Sweet Home
31%
3x6 Hounded
31%
4x4 Indifference
31%
4x10 Inmates
31%
4x5 Internment
31%
4x3 Isolation
31%
3x8 Made to Suffer
31%
8x1 Mercy
31%
8x3 Monsters
31%
3x14 Prey
31%
3x5 Say the Word
31%
10x4 Silence the Whisperers
31%
5x4 Slabtown
31%
8x4 Some Guy
31%
8x5 The Big Scary U
31%
7x16 The First Day of the Rest of Your Life
31%
5x10 Them
31%
3x9 The Suicide King
31%
5x9 What Happened and What's Going on
31%
3x7 When the Dead Come Knocking
31%
10x16 A Certain Doom
23%
11x16 Acts of God
23%
7x13 Bury Me Here
23%
5x7 Crossed
23%
4x7 Dead Weight
23%
10x21 Diverged
23%
8x13 Do Not Send Us Astray
23%
6x15 East
23%
9x8 Evolution
23%
11x23 Family
23%
10x3 Ghosts
23%
7x8 Hearts Still Beating
23%
8x9 Honor
23%
6x11 Knots Untie
23%
4x6 Live Bait
23%
7x10 New Best Friends
23%
6x12 Not Tomorrow Yet
23%
10x19 One More
23%
7x9 Rock in the Road
23%
9x14 Scars
23%
7x4 Service
23%
7x7 Sing Me a Song
23%
4x12 Still
23%
9x7 Stradivarius
23%
5x2 Strangers
23%
7x3 The Cell
23%
8x2 The Damned
23%
8x12 The Key
23%
8x6 The King, The Widow, and Rick
23%
6x13 The Same Boat
23%
7x2 The Well
23%
8x7 Time for After
23%
11x13 Warlords
23%
8x15 Worth
23%
4x13 Alone
15%
6x6 Always Accountable
15%
11x18 A New Deal
15%
9x11 Bounty
15%
9x13 Chokepoint
15%
5x6 Consumed
15%
8x11 Dead or Alive Or
15%
7x5 Go Getters
15%
6x7 Heads Up
15%
7x11 Hostiles and Calamities
15%
8x8 How It's Gotta Be
15%
11x3 Hunted
15%
10x1 Lines We Cross
15%
10x14 Look at the Flowers
15%
9x10 Omega
15%
11x5 Out of the Ashes
15%
11x21 Outpost 22
15%
11x4 Rendition
15%
7x12 Say Yes
15%
5x5 Self Help
15%
7x15 Something They Need
15%
10x20 Splinter
15%
6x8 Start to Finish
15%
8x14 Still Gotta Mean Something
15%
9x2 The Bridge
15%
5x11 The Distance
15%
8x10 The Lost and The Plunderers
15%
6x10 The Next World
15%
9x4 The Obliged
15%
7x14 The Other Side
15%
11x14 The Rotten Core
15%
6x14 Twice as Far
15%
9x3 Warning Signs
15%
10x2 We Are the End of the World
15%
10x5 What It Always is
15%
9x6 Who Are You Now?
15%
9x9 Adaption
8%
10x6 Bonds
8%
11x22 Faith
8%
10x18 Find Me
8%
11x8 For Blood
8%
9x12 Guardians
8%
10x11 Morning Star
8%
11x10 New Haunts
8%
11x9 No Other Way
8%
11x6 On the Inside
8%
10x7 Open Your Eyes
8%
11x7 Promises Broken
8%
11x11 Rogue Element
8%
11x12 The Lucky Ones
8%
10x15 The Tower
8%
11x15 Trust
8%
11x19 Variant
8%
11x17 Lockdown
0%
10x9 Squeeze
0%
10x10 Stalker
0%
10x8 The World Before
0%
11x20 What's Been Lost
0%
10x13 What We Become
0%
No matching quizzes found
Score Distribution
Percent of People with Each Score
Percentile by Number Answered
Your Score History
You have not taken this quiz